Tín ngưỡng cư dân ven biển Quảng Nam- Đà Nẵng Hình thái đặc trưng và giá trị
Quảng Nam- Đà Nẵng và cộng đồng dân cư ven biển Quảng Nam- Đà Nẵng; Tín ngưỡng thờ cá voi; Tín ngưỡng thờ Mẫu, Âm linh và Tiền hiền. Những đặc trưng và giá trị trong tín ngưỡng cư dân ven biển Quảng Nam- Đà Nẵng.
Đã lưu trong:
| Tác giả chính: | |
|---|---|
| Định dạng: | Sách |
| Năm xuất bản: |
H.
Lao động
2012
|
| Chủ đề: | |
| Tags: |
Thêm thẻ
Không có thẻ, Hãy là người đầu tiên gắn thẻ bản ghi này!
|
| LEADER | 01102nam a2200217 4500 | ||
|---|---|---|---|
| 082 | |a 390 |b NG 527 X | ||
| 100 | |a Nguyễn Xuân Hương | ||
| 245 | |a Tín ngưỡng cư dân ven biển Quảng Nam- Đà Nẵng |b Hình thái đặc trưng và giá trị |c Nguyễn Xuân Hương | ||
| 260 | |a H. |b Lao động |c 2012 | ||
| 300 | |a 412 tr. |c 21 cm | ||
| 500 | |a Đầu trang tên sách ghi: Hội văn nghệ dân gian Việt Nam. | ||
| 520 | |a Quảng Nam- Đà Nẵng và cộng đồng dân cư ven biển Quảng Nam- Đà Nẵng; Tín ngưỡng thờ cá voi; Tín ngưỡng thờ Mẫu, Âm linh và Tiền hiền. Những đặc trưng và giá trị trong tín ngưỡng cư dân ven biển Quảng Nam- Đà Nẵng. | ||
| 653 | |a Văn hóa dân gian | ||
| 653 | |a Tín ngưỡng dân gian | ||
| 653 | |a Quảng Nam | ||
| 653 | |a Đà Nẵng | ||
| 653 | |a Việt Nam | ||
| 910 | |c Hà | ||
| 942 | |2 ddc |c SH | ||
| 999 | |c 217 |d 217 | ||
| 952 | |0 0 |1 0 |2 ddc |4 0 |6 390_000000000000000_NG_527_X |7 0 |8 300 |9 4291 |a qbu |b qbu |c D2 |d 2014-11-14 |g 80000 |o 390 NG 527 X |p 287.C1 |r 0000-00-00 |w 2014-11-14 |y SH |0 0 |6 390_NG_527000000000000_X | ||